000 00348 a2200169 4500
001 183247
020 _a
040 _cMagnum
100 _aNamora, Fernando
240 1 0 _aO trigo e o joio
_lpor
245 1 0 _aO trigo e o joio
300 _a237
362 0 _a1973
440 1 _aGlobo
697 _aLITERATURA GERAL ESTRANGEIRA
942 _cBK
999 _c183247
_d183247